| 000 | 00482 am a2200169ui 4500 | ||
|---|---|---|---|
| 001 | 26859 | ||
| 005 | 20200421093827.0 | ||
| 008 | 781013s1978 enka || 001 ||eng | ||
| 020 | _a0333234596 | ||
| 082 | 0 | 4 | _a079.41 |
| 245 | 1 | 4 |
_aThe British Press : _ba manifesto / _cedited by James Curran. |
| 260 |
_aLondon : _bMacmillan [for the] Acton Society Press Group, _c1978. |
||
| 300 | _ax | ||
| 650 | 0 |
_aPress _zGreat Britain. _91675 |
|
| 700 | 1 |
_aCurran, James, _d1945-. |
|
| 942 |
_2ddc _cBK |
||
| 999 |
_c335 _d335 |
||